Urinary genotyping for DQA1 and PM Loci using PCR-based amplification : effects of volume, storage temperature, preservatives, and aging on DNA extraction and typing /

Bibliographic Details
Main Author: Vu, Nicole T.
Corporate Authors: United States. Office of Aviation Medicine, Civil Aeromedical Institute
Other Authors: Chaturvedi, Arvind K., Canfield, Dennis V., 1943-?
Format: Government Document Microform Book
Language:English
Published: Washington, D.C. : Springfield, Va. : U.S. Dept. of Transportation, Federal Aviation Administration, Office of Aviation Medicine ; Available through the National Technical Information Service, [1999]
Subjects:
Online Access:https://purl.fdlp.gov/GPO/LPS85068

MARC

Tag First Indicator Second Indicator Subfields
LEADER 00000cam a2200000Ia 4500
001 in00000005359
007 he bmb024bbca
008 990902s1999 dcua bbt f000 0 eng d
005 20230331144153.6
035 |a (OCoLC)ocm43720420 
035 |9 AJK2896AM 
035 |a in00000005359 
040 |a EEX  |c EEX  |d GPO  |d MvI  |d UtOrBLW 
049 |a UMIC 
049 |a WWW 
074 |a 0431-E-04 (MF) 
074 |a 0431-E-04 (online) 
086 0 |a TD 4.210:99/14 
100 1 |a Vu, Nicole T. 
245 1 0 |a Urinary genotyping for DQA1 and PM Loci using PCR-based amplification :  |b effects of volume, storage temperature, preservatives, and aging on DNA extraction and typing /  |c Nicole T. Vu, Arvind K. Chaturvedi, Dennis V. Canfield. 
246 3 0 |a Effects of volume, storage temperature, preservatives, and aging on DNA extraction and typing 
264 1 |a Washington, D.C. :  |b U.S. Dept. of Transportation, Federal Aviation Administration, Office of Aviation Medicine ;  |a Springfield, Va. :  |b Available through the National Technical Information Service,  |c [1999] 
300 |a 10 pages :  |b illustrations ;  |c 28 cm. 
336 |a text  |b txt  |2 rdacontent 
337 |a microform  |b h  |2 rdamedia 
338 |a microfiche  |b he  |2 rdacarrier 
500 |a Shipping List Date: 07/02/99 
513 |a Final report. 
500 |a Cover title. 
500 |a Shipping list number: 1999-0656-M. 
500 |a Performed by the FAA Civil Aeromedical Institute. 
500 |a "DOT/FAA/AM-99/14." 
500 |a "April 1999." 
504 |a Includes bibliographical references (page 10). 
533 |a Microfiche.  |b [Washington, D.C.] :  |c Supt. of Docs., U.S. G.P.O.,  |d 1999.  |e 1 microfiche : negative 
530 |a Also available via Internet from the FAA web site. Address as of 8/21/07: http://www.faa.gov/library/reports/medical/oamtechreports/1990s/media/AM99-14.pdf; current access is available via PURL. 
500 |a Microform. 
650 0 |a Urine  |x Analysis. 
650 0 |a Polymerase chain reaction. 
650 0 |a DNA fingerprinting. 
650 0 |a Air pilots  |x Drug testing. 
700 1 |a Chaturvedi, Arvind K. 
700 1 |a Canfield, Dennis V.,  |d 1943-? 
710 1 |a United States.  |b Office of Aviation Medicine. 
710 2 |a Civil Aeromedical Institute. 
856 4 1 |u https://purl.fdlp.gov/GPO/LPS85068  |t 0 
999 |a MARS 
999 f f |i ed4edef6-fd21-3ad0-9048-a604442bb67f  |s a1661a51-1087-3771-bf35-e5b063a17d5e  |t 0 
952 f f |p normal  |a Texas A&M University  |b College Station  |c Sterling C. Evans Library  |d Evans: US Documents Microfiche (3rd floor)  |t 0  |e TD 4.210:99/14  |h Superintendent of Documents classification  |i microform -- microfiche  |m A14824327007 
952 f f |a Texas A&M University  |b College Station  |c Electronic Resources  |d Available Online  |t 0  |e TD 4.210:99/14  |h Superintendent of Documents classification 
998 f f |a TD 4.210:99/14  |t 0  |l Evans: US Documents Microfiche (3rd floor) 
998 f f |a TD 4.210:99/14  |t 0  |l Available Online